000 00269nam a22001217a 4500
082 _a894.812.3
_bCHA/D
100 _aCHANDRASEKHARAN NAIR , N
245 _aDEVYANI
260 _aTRIVANDRUM
_bSREENIKETAN PRAKASAN
300 _a100
650 _aSTORY
_zKERALA
942 _cBK
999 _c1839
_d1839